000 00248nam a2200109Ia 4500
008 220204s9999 xx 000 0 und d
082 _a82-3
_bCLA
100 _aClavell, James
245 0 _aNoble house
260 _aKent
_bCoronet
_c1981
942 _cBK
999 _c38725
_d38725